000 00289nam a22001457a 4500
020 _a93-80884-87-7
082 _a920
_bAMH/H
100 _aEBHRAHAM . T.M
245 _aMOTHER
260 _aTHRISSUR
_bGREENBOOKS
_c2012
300 _a72
500 _aNOVEL
505 _aNOVEL
942 _cBK
999 _c5352
_d5352